000 00778nam a2200241 4500
001 46656
003 BD-RjUL
005 20211209054203.0
008 160803s1938 ii 000 0 eng
020 _c: IRs.3.00
035 _a(BD-RjUL)46775
040 _beng
_cCarP
_dBD-RjUL
041 _aeng
082 _223
_b346.540438 BHI 1938
_a340
100 1 _aBhaumik, Kumud Nath
_d1894- [from old catalog]
_9142253
245 0 4 _aThe Indian registration act (Act XVI of 1908) /
_cKumud Nath Bhaumik.
260 _aCalcutta :
_bThe Eastern law house,
_c1938.
300 _axxvii, 284 p. ;
_c22 cm.
504 _aIncludes index
650 0 _aRecording and registration
_zIndia.
_9142254
_y1908
710 1 _aIndia.
_kLaws, statutes, etc. [from old catalog]
_9138088
942 _2ddc
_cBK
999 _c46656
_d46656